| LEADER | 009580000a22001810004500 | ||
|---|---|---|---|
| 337 | |2 rdamedia |a unmediated | ||
| 337 | |2 rdamedia |a computer | ||
| 338 | |2 rdacarrier |a volume | ||
| 338 | |2 rdacarrier |a computer disc | ||
| 338 | |2 rdacarrier |a online resource | ||
| 500 | |a Abstracts in English and Arabic. | ||
| 500 | |a "A dissertation submitted in fulfilment of the requirement for the degree of Master of Science (Islamic Banking and Finance)." --On title page. | ||
| 650 | 0 | |a Banks and banking, Islamic |x Risk management | |
| 650 | 0 | |a Banks and banking |x Religious aspects Islam | |
| 650 | 0 | |a Finance |x Religious aspects Islam | |
| 999 | |c 439277 |d 470813 | ||
| 952 | |0 0 |6 T BPH 303.2 B46 2020 |7 0 |8 THESES |9 762279 |a IIiBFL |b IIiBFL |c CLOSEACCES |g 0.00 |o t BPH 303.2 B46 2020 |p 11100417996 |r 2021-12-17 |t 1 |v 0.00 |y THESIS | ||
| 952 | |0 0 |6 TS CDF BPH 303.2 B46 2020 |7 0 |8 THESES |9 859237 |a IIUM |b IIUM |c MULTIMEDIA |g 0.00 |o ts cdf BPH 303.2 B46 2020 |p 11100417997 |r 2021-04-14 |t 1 |v 0.00 |y THESISDIG | ||
